The Only Country... - Statistics

General Stats
  • This quiz has been taken 190 times
  • The average score is 7 of 12
Answer Stats
Description Country % Correct
that is smaller than 1 km² Vatican City
100%
that has more than 1000 wild tigers India
92%
whose capital (and the country itself) was split in two due to loss in WWII Germany
83%
that declared independence after 2010 South Sudan
81%
above 5 million km² that has no international land borders Australia
78%
that produces more than 2,000,000 metric tons of coffee per year Brazil
77%
where religion is banned North Korea
73%
that ended its nuclear programme South Africa
58%
that has 200,000+ islands Sweden
43%
that has more than 20 official languages Bolivia
26%
that is home to more than 5 million camels Somalia
19%
that no longer has stray dogs Netherlands
11%
No matching quizzes found
Score Distribution
Percent of People with Each Score
Percentile by Number Answered
Your Score History
You have not taken this quiz